Größte Stadt auf dieser Insel - Statistiken

Allgemein
  • Dieses Quiz wurde 234 mal gespielt
  • Das Durchschnittsergebnis liegt bei 8 aus 21
Antwortstatistiken
Insel Größte Stadt % Korrekt
Irland Dublin
96%
Island Reykjavik
94%
Luzon Manila
71%
Hispaniola Santo Domingo
70%
Seeland Copenhagen
59%
Hokkaido Sapporo
59%
Gran Canaria Las Palmas
57%
Tasmanien Hobart
56%
Puerto Rico San Juan
47%
Gotland Visby
39%
Isle of Man Douglas
27%
Borneo Bandar Seri Begawan
26%
Kyushu Fukuoka
23%
Tahiti Papeete
19%
Fasta Åland Mariehamn
15%
Mindanao Davao
14%
Sumatra Medan
14%
Hainan Haikou
12%
Streymoy Torshavn
9%
Unguja Zanzibar City
7%
Mafia (Insel) Kilindoni
4%
Keine übereinstimmenden Quizze gefunden
Verteilung der Resultate
Anzahl Personen mit jedem Resultat
Perzentil nach korrekt beantworteten Fragen
Ihre Resultats-Entwicklung
Sie haben dieses Quiz noch nicht gespielt